[Event "DEM U10 2024"]
[Site "Willingen GER"]
[Date "2024.05.20"]
[Round "3"]
[White "Romberg, Moritz"]
[Black "El-Issa, Erik"]
[Result "1/2-1/2"]
[Termination "normal"]
[Board "24"]
[WhiteElo "1054"]
[BlackElo "1172"]
[WhiteClock "01:04:36"]
[BlackClock "00:58:10"]
[PlyCount "97"]
[WhiteFideId "34676600"]
[BlackFideId "533001782"]
[EventCountry "GER"]
[EventRounds "11"]
[EventType "swiss"]
[EventDate "2024.05.18"]

1. e4 {[%clk 01:15:58]} {[%emt 00:00:02]} e5 {[%clk 01:15:54]} {[%emt
00:00:07]} 2. Nf3 {[%clk 01:16:23]} {[%emt 00:00:05]} Nc6 {[%clk 01:16:16]}
{[%emt 00:00:07]} 3. Bc4 {[%clk 01:16:48]} {[%emt 00:00:05]} Bc5 {[%clk
01:16:39]} {[%emt 00:00:07]} 4. d3 {[%clk 01:17:09]} {[%emt 00:00:09]} d6
{[%clk 01:17:02]} {[%emt 00:00:07]} 5. h3 {[%clk 01:17:29]} {[%emt 00:00:10]}
h6 {[%clk 01:17:24]} {[%emt 00:00:09]} 6. Nc3 {[%clk 01:17:52]} {[%emt
00:00:07]} Nf6 {[%clk 01:17:46]} {[%emt 00:00:08]} 7. O-O {[%clk 01:18:11]}
{[%emt 00:00:11]} O-O {[%clk 01:18:07]} {[%emt 00:00:09]} 8. Be3 {[%clk
01:18:35]} {[%emt 00:00:05]} Bb6 {[%clk 01:18:19]} {[%emt 00:00:18]} 9. d4
{[%clk 01:18:30]} {[%emt 00:00:35]} exd4 {[%clk 01:18:07]} {[%emt 00:00:42]}
10. Nxd4 {[%clk 01:18:31]} {[%emt 00:00:28]} Re8 {[%clk 01:18:09]} {[%emt
00:00:29]} 11. Nxc6 {[%clk 01:18:35]} {[%emt 00:00:26]} bxc6 {[%clk 01:18:29]}
{[%emt 00:00:10]} 12. Bxb6 {[%clk 01:18:47]} {[%emt 00:00:18]} cxb6 {[%clk
01:18:17]} {[%emt 00:00:42]} 13. Re1 {[%clk 01:18:56]} {[%emt 00:00:21]} Be6
{[%clk 01:18:09]} {[%emt 00:00:39]} 14. Bxe6 {[%clk 01:18:05]} {[%emt
00:01:20]} Rxe6 {[%clk 01:18:23]} {[%emt 00:00:16]} 15. f4 {[%clk 01:17:00]}
{[%emt 00:01:36]} Qe7 {[%clk 01:17:59]} {[%emt 00:00:54]} 16. Qd3 {[%clk
01:15:52]} {[%emt 00:01:37]} Re8 {[%clk 01:16:59]} {[%emt 00:01:30]} 17. Red1
{[%clk 01:13:49]} {[%emt 00:02:32]} b5 {[%clk 01:14:19]} {[%emt 00:03:10]} 18.
a3 {[%clk 01:13:40]} {[%emt 00:00:39]} Nd7 {[%clk 01:12:12]} {[%emt 00:02:38]}
19. b4 {[%clk 01:13:00]} {[%emt 00:01:11]} Nb6 {[%clk 01:12:08]} {[%emt
00:00:33]} 20. f5 {[%clk 01:12:38]} {[%emt 00:00:52]} Rf6 {[%clk 01:12:01]}
{[%emt 00:00:37]} 21. Rab1 {[%clk 01:10:27]} {[%emt 00:02:41]} Nc4 {[%clk
01:11:03]} {[%emt 00:01:28]} 22. Rb3 {[%clk 01:10:08]} {[%emt 00:00:47]} g6
{[%clk 01:09:12]} {[%emt 00:02:23]} 23. g4 {[%clk 01:08:54]} {[%emt 00:01:44]}
Kg7 {[%clk 01:07:18]} {[%emt 00:02:23]} 24. h4 {[%clk 01:08:59]} {[%emt
00:00:26]} gxf5 {[%clk 01:06:53]} {[%emt 00:00:55]} 25. exf5 {[%clk 01:06:28]}
{[%emt 00:03:01]} d5 {[%clk 01:05:47]} {[%emt 00:01:36]} 26. g5 {[%clk
01:06:41]} {[%emt 00:00:18]} Rd6 {[%clk 00:59:51]} {[%emt 00:06:26]} 27. f6+
{[%clk 01:06:59]} {[%emt 00:00:11]} Rxf6 {[%clk 01:00:14]} {[%emt 00:00:07]}
28. gxf6+ {[%clk 01:07:22]} {[%emt 00:00:07]} Qxf6 {[%clk 01:00:33]} {[%emt
00:00:11]} 29. Qd4 {[%clk 01:05:57]} {[%emt 00:01:53]} Re1+ {[%clk 00:59:48]}
{[%emt 00:01:16]} 30. Kg2 {[%clk 01:06:12]} {[%emt 00:00:14]} Rxd1 {[%clk
00:59:21]} {[%emt 00:00:59]} 31. Qxf6+ {[%clk 01:06:34]} {[%emt 00:00:08]} Kxf6
{[%clk 00:59:23]} {[%emt 00:00:28]} 32. Nxd1 {[%clk 01:06:59]} {[%emt
00:00:05]} Ke5 {[%clk 00:59:18]} {[%emt 00:00:36]} 33. Kg3 {[%clk 01:05:31]}
{[%emt 00:01:55]} f5 {[%clk 00:59:30]} {[%emt 00:00:20]} 34. Nf2 {[%clk
01:04:14]} {[%emt 00:01:46]} h5 {[%clk 00:58:34]} {[%emt 00:01:27]} 35. Nd3+
{[%clk 01:03:48]} {[%emt 00:00:56]} Ke4 {[%clk 00:55:36]} {[%emt 00:03:27]} 36.
Nf4 {[%clk 01:03:46]} {[%emt 00:00:33]} Ne3 {[%clk 00:55:18]} {[%emt 00:00:47]}
37. Rxe3+ {[%clk 01:03:11]} {[%emt 00:01:05]} Kxe3 {[%clk 00:55:36]} {[%emt
00:00:13]} 38. Nxh5 {[%clk 01:03:34]} {[%emt 00:00:07]} Kd2 {[%clk 00:55:51]}
{[%emt 00:00:15]} 39. Nf4 {[%clk 01:03:38]} {[%emt 00:00:26]} Kxc2 {[%clk
00:56:06]} {[%emt 00:00:16]} 40. h5 {[%clk 01:04:03]} {[%emt 00:00:05]} Kb3
{[%clk 00:56:16]} {[%emt 00:00:19]} 41. h6 {[%clk 01:04:25]} {[%emt 00:00:08]}
Kxa3 {[%clk 00:56:44]} {[%emt 00:00:03]} 42. h7 {[%clk 01:04:45]} {[%emt
00:00:09]} Kxb4 {[%clk 00:57:06]} {[%emt 00:00:06]} 43. h8=Q {[%emt 00:00:08]}
a5 {[%emt 00:00:06]} 44. Qb2+ {[%clk 01:04:47]} {[%emt 00:00:14]} Kc5 {[%clk
00:57:12]} {[%emt 00:00:24]} 45. Qa3+ {[%clk 01:04:34]} {[%emt 00:00:44]} Kb6
{[%clk 00:57:29]} {[%emt 00:00:13]} 46. Nxd5+ {[%clk 01:04:27]} {[%emt
00:00:37]} cxd5 {[%clk 00:57:34]} {[%emt 00:00:26]} 47. Kf4 {[%clk 01:04:44]}
{[%emt 00:00:12]} b4 {[%clk 00:57:50]} {[%emt 00:00:13]} 48. Qe3+ {[%clk
01:04:48]} {[%emt 00:00:26]} Kb5 {[%clk 00:58:10]} {[%emt 00:00:11]} 49. Qe2+
{[%clk 01:04:36]} {[%emt 00:00:41]} 1/2-1/2

[Event "DEM U10 2024"]
[Site "Willingen GER"]
[Date "2024.05.20"]
[Round "3"]
[White "Weßels, Keke"]
[Black "König, Marius"]
[Result "0-1"]
[Termination "normal"]
[Board "25"]
[WhiteElo "1207"]
[BlackElo "1356"]
[WhiteClock "00:58:56"]
[BlackClock "01:07:46"]
[PlyCount "58"]
[WhiteFideId "34640045"]
[BlackFideId "533001812"]
[EventCountry "GER"]
[EventRounds "11"]
[EventType "swiss"]
[EventDate "2024.05.18"]

1. d4 {[%clk 01:15:55]} {[%emt 00:00:04]} d5 {[%clk 01:15:57]} {[%emt
00:00:04]} 2. Nc3 {[%clk 01:16:18]} {[%emt 00:00:07]} Nf6 {[%clk 01:16:24]}
{[%emt 00:00:04]} 3. Bf4 {[%clk 01:16:38]} {[%emt 00:00:08]} c5 {[%clk
01:16:42]} {[%emt 00:00:13]} 4. e4 {[%clk 01:16:42]} {[%emt 00:00:26]} Nxe4
{[%clk 01:15:53]} {[%emt 00:01:19]} 5. Nxe4 {[%clk 01:15:37]} {[%emt 00:01:35]}
dxe4 {[%clk 01:16:17]} {[%emt 00:00:06]} 6. dxc5 {[%clk 01:14:51]} {[%emt
00:01:15]} Qxd1+ {[%clk 01:16:19]} {[%emt 00:00:28]} 7. Rxd1 {[%clk 01:14:45]}
{[%emt 00:00:36]} Nc6 {[%clk 01:16:29]} {[%emt 00:00:21]} 8. Bc4 {[%clk
01:11:09]} {[%emt 00:04:01]} e6 {[%clk 01:16:14]} {[%emt 00:00:49]} 9. Ne2
{[%clk 01:09:36]} {[%emt 00:02:02]} Bxc5 {[%clk 01:15:57]} {[%emt 00:00:49]}
10. O-O {[%clk 01:08:25]} {[%emt 00:01:40]} O-O {[%clk 01:15:04]} {[%emt
00:01:24]} 11. Nc3 {[%clk 01:07:32]} {[%emt 00:01:21]} f5 {[%clk 01:12:06]}
{[%emt 00:03:24]} 12. Bd6 {[%clk 01:07:05]} {[%emt 00:01:02]} Bxd6 {[%clk
01:11:58]} {[%emt 00:00:39]} 13. Rxd6 {[%clk 01:07:17]} {[%emt 00:00:17]} Rd8
{[%clk 01:11:25]} {[%emt 00:01:03]} 14. Bxe6+ {[%clk 01:06:21]} {[%emt
00:01:26]} Bxe6 {[%clk 01:11:06]} {[%emt 00:00:49]} 15. Rxe6 {[%clk 01:06:29]}
{[%emt 00:00:22]} Kf7 {[%clk 01:11:08]} {[%emt 00:00:28]} 16. Rxc6 {[%clk
01:05:34]} {[%emt 00:01:25]} bxc6 {[%clk 01:11:33]} {[%emt 00:00:07]} 17. g4
{[%clk 01:05:15]} {[%emt 00:00:46]} fxg4 {[%clk 01:10:56]} {[%emt 00:01:08]}
18. Nxe4 {[%clk 01:05:21]} {[%emt 00:00:23]} Rab8 {[%clk 01:10:09]} {[%emt
00:01:18]} 19. Ng5+ {[%clk 01:05:08]} {[%emt 00:00:41]} Kg8 {[%clk 01:09:40]}
{[%emt 00:01:01]} 20. b3 {[%clk 01:02:56]} {[%emt 00:02:42]} Re8 {[%clk
01:09:12]} {[%emt 00:00:59]} 21. Rd1 {[%clk 01:00:53]} {[%emt 00:02:32]} h6
{[%clk 01:09:04]} {[%emt 00:00:38]} 22. f4 {[%clk 00:59:31]} {[%emt 00:01:52]}
hxg5 {[%clk 01:09:12]} {[%emt 00:00:22]} 23. fxg5 {[%clk 00:59:53]} {[%emt
00:00:08]} Re2 {[%clk 01:09:18]} {[%emt 00:00:24]} 24. g6 {[%clk 00:59:58]}
{[%emt 00:00:24]} Rxc2 {[%clk 01:08:09]} {[%emt 00:01:39]} 25. a4 {[%clk
01:00:00]} {[%emt 00:00:30]} Re2 {[%clk 01:07:26]} {[%emt 00:01:12]} 26. b4
{[%clk 00:59:10]} {[%emt 00:01:20]} Rb2 {[%clk 01:06:42]} {[%emt 00:01:14]} 27.
b5 {[%clk 00:59:08]} {[%emt 00:00:32]} cxb5 {[%clk 01:07:06]} {[%emt 00:00:07]}
28. axb5 {[%clk 00:59:29]} {[%emt 00:00:09]} R2xb5 {[%clk 01:07:30]} {[%emt
00:00:05]} 29. Kf1 {[%clk 00:58:56]} {[%emt 00:01:03]} Rb1 {[%clk 01:07:46]}
{[%emt 00:00:15]} 0-1

[Event "DEM U10 2024"]
[Site "Willingen GER"]
[Date "2024.05.20"]
[Round "3"]
[White "Dombert, Johannes"]
[Black "Dintinger, Ata Lucien"]
[Result "0-1"]
[Termination "normal"]
[Board "27"]
[WhiteElo "1270"]
[BlackElo "1096"]
[WhiteClock "01:05:23"]
[BlackClock "01:13:32"]
[PlyCount "98"]
[WhiteFideId "533001766"]
[BlackFideId "34654550"]
[EventCountry "GER"]
[EventRounds "11"]
[EventType "swiss"]
[EventDate "2024.05.18"]

1. e4 {[%clk 01:15:56]} {[%emt 00:00:02]} e5 {[%clk 01:15:59]} {[%emt
00:00:02]} 2. Nf3 {[%clk 01:16:15]} {[%emt 00:00:10]} Nc6 {[%clk 01:16:23]}
{[%emt 00:00:07]} 3. d4 {[%clk 01:16:36]} {[%emt 00:00:08]} exd4 {[%clk
01:16:49]} {[%emt 00:00:05]} 4. Nxd4 {[%clk 01:16:59]} {[%emt 00:00:07]} Nf6
{[%clk 01:17:16]} {[%emt 00:00:03]} 5. Nxc6 {[%clk 01:17:20]} {[%emt 00:00:09]}
bxc6 {[%clk 01:17:40]} {[%emt 00:00:05]} 6. e5 {[%clk 01:17:35]} {[%emt
00:00:15]} Qe7 {[%clk 01:18:04]} {[%emt 00:00:07]} 7. Qe2 {[%clk 01:17:59]}
{[%emt 00:00:05]} Nd5 {[%clk 01:18:28]} {[%emt 00:00:07]} 8. c4 {[%clk
01:18:15]} {[%emt 00:00:13]} Ba6 {[%clk 01:18:53]} {[%emt 00:00:06]} 9. b3
{[%clk 01:18:35]} {[%emt 00:00:10]} g6 {[%clk 01:19:13]} {[%emt 00:00:08]} 10.
g3 {[%clk 01:18:00]} {[%emt 00:01:06]} Bg7 {[%clk 01:19:35]} {[%emt 00:00:08]}
11. Bb2 {[%clk 01:17:55]} {[%emt 00:00:35]} O-O {[%clk 01:19:57]} {[%emt
00:00:08]} 12. Nd2 {[%clk 01:17:26]} {[%emt 00:01:00]} Rae8 {[%clk 01:20:03]}
{[%emt 00:00:26]} 13. f4 {[%clk 01:16:43]} {[%emt 00:01:12]} f6 {[%clk
01:19:07]} {[%emt 00:01:26]} 14. Nf3 {[%clk 01:16:23]} {[%emt 00:00:49]} d6
{[%clk 01:16:44]} {[%emt 00:02:53]} 15. O-O-O {[%clk 01:14:27]} {[%emt
00:02:26]} fxe5 {[%clk 01:16:49]} {[%emt 00:00:26]} 16. fxe5 {[%clk 01:14:38]}
{[%emt 00:00:19]} dxe5 {[%clk 01:16:26]} {[%emt 00:00:53]} 17. Re1 {[%clk
01:14:15]} {[%emt 00:00:53]} Nb4 {[%clk 01:15:46]} {[%emt 00:01:09]} 18. a3
{[%clk 01:12:18]} {[%emt 00:02:28]} e4 {[%clk 01:14:39]} {[%emt 00:01:37]} 19.
axb4 {[%clk 01:11:48]} {[%emt 00:01:00]} Rxf3 {[%clk 01:14:46]} {[%emt
00:00:22]} 20. Qxf3 {[%clk 01:10:06]} {[%emt 00:02:12]} exf3 {[%clk 01:14:17]}
{[%emt 00:01:00]} 21. Rxe7 {[%clk 01:10:27]} {[%emt 00:00:09]} Rxe7 {[%clk
01:14:40]} {[%emt 00:00:08]} 22. Bxg7 {[%clk 01:10:17]} {[%emt 00:00:38]} Kxg7
{[%clk 01:14:59]} {[%emt 00:00:12]} 23. Kd2 {[%clk 01:10:30]} {[%emt 00:00:16]}
g5 {[%clk 01:15:23]} {[%emt 00:00:07]} 24. Bd3 {[%clk 01:10:45]} {[%emt
00:00:13]} h5 {[%clk 01:15:21]} {[%emt 00:00:34]} 25. h3 {[%clk 01:11:01]}
{[%emt 00:00:14]} g4 {[%clk 01:14:57]} {[%emt 00:00:54]} 26. hxg4 {[%clk
01:11:13]} {[%emt 00:00:17]} hxg4 {[%clk 01:15:19]} {[%emt 00:00:08]} 27. Rh2
{[%clk 01:11:01]} {[%emt 00:00:42]} Bc8 {[%clk 01:15:06]} {[%emt 00:00:44]} 28.
c5 {[%clk 01:10:36]} {[%emt 00:00:55]} Be6 {[%clk 01:14:52]} {[%emt 00:00:45]}
29. Kc3 {[%clk 01:10:06]} {[%emt 00:00:59]} Kf6 {[%clk 01:14:37]} {[%emt
00:00:45]} 30. Rf2 {[%clk 01:09:56]} {[%emt 00:00:40]} Rd7 {[%clk 01:14:40]}
{[%emt 00:00:27]} 31. Be4 {[%clk 01:09:35]} {[%emt 00:00:49]} Bd5 {[%clk
01:14:38]} {[%emt 00:00:34]} 32. Bc2 {[%clk 01:09:26]} {[%emt 00:00:37]} Kg5
{[%clk 01:14:20]} {[%emt 00:00:50]} 33. Rh2 {[%clk 01:07:48]} {[%emt 00:02:05]}
Re7 {[%clk 01:14:11]} {[%emt 00:00:41]} 34. Kd2 {[%clk 01:07:40]} {[%emt
00:00:37]} Rd7 {[%clk 01:14:12]} {[%emt 00:00:31]} 35. Kc3 {[%clk 01:07:11]}
{[%emt 00:01:00]} Rf7 {[%clk 01:13:54]} {[%emt 00:00:48]} 36. Rf2 {[%clk
01:07:22]} {[%emt 00:00:18]} Rf8 {[%clk 01:14:00]} {[%emt 00:00:24]} 37. Kd2
{[%clk 01:07:23]} {[%emt 00:00:30]} Rh8 {[%clk 01:14:16]} {[%emt 00:00:13]} 38.
Rf1 {[%clk 01:05:50]} {[%emt 00:02:02]} Rh2+ {[%clk 01:14:23]} {[%emt
00:00:21]} 39. Kd1 {[%clk 01:06:02]} {[%emt 00:00:19]} Rg2 {[%clk 01:13:56]}
{[%emt 00:00:59]} 40. Re1 {[%clk 01:05:19]} {[%emt 00:01:11]} Rxg3 {[%clk
01:12:34]} {[%emt 00:01:53]} 41. Kd2 {[%clk 01:05:02]} {[%emt 00:00:48]} Rg2+
{[%clk 01:12:29]} {[%emt 00:00:36]} 42. Kd1 {[%clk 01:05:25]} {[%emt 00:00:06]}
g3 {[%clk 01:12:51]} {[%emt 00:00:08]} 43. Re5+ {[%clk 01:05:36]} {[%emt
00:00:18]} Kf4 {[%clk 01:13:12]} {[%emt 00:00:09]} 44. Rf5+ {[%clk 01:05:36]}
{[%emt 00:00:30]} Kg4 {[%clk 01:13:21]} {[%emt 00:00:22]} 45. Rf8 {[%clk
01:05:01]} {[%emt 00:01:05]} f2 {[%clk 01:13:16]} {[%emt 00:00:35]} 46. Ke2
{[%clk 01:05:08]} {[%emt 00:00:23]} f1=Q+ {[%emt 00:00:51]} 47. Kxf1 {[%clk
01:05:15]} {[%emt 00:00:15]} Rxc2 {[%clk 01:13:23]} {[%emt 00:00:09]} 48. Rc8
{[%clk 01:04:59]} {[%emt 00:00:43]} g2+ {[%clk 01:13:32]} {[%emt 00:00:25]} 49.
Kg1 {[%clk 01:05:23]} {[%emt 00:00:06]} Rc1+ {[%emt 00:00:55]} 0-1

[Event "DEM U10 2024"]
[Site "Willingen GER"]
[Date "2024.05.20"]
[Round "3"]
[White "Link, Jonas Michael"]
[Black "Liu, Yichen"]
[Result "0-1"]
[Termination "normal"]
[Board "28"]
[WhiteElo "1187"]
[BlackElo "1212"]
[WhiteClock "01:02:35"]
[BlackClock "01:14:04"]
[PlyCount "54"]
[WhiteFideId "533001839"]
[BlackFideId "34677917"]
[EventCountry "GER"]
[EventRounds "11"]
[EventType "swiss"]
[EventDate "2024.05.18"]

1. e4 {[%clk 01:15:59]} {[%emt 00:00:02]} c6 {[%clk 01:15:53]} {[%emt
00:00:07]} 2. d4 {[%clk 01:16:20]} {[%emt 00:00:08]} d5 {[%clk 01:16:15]}
{[%emt 00:00:09]} 3. Nc3 {[%clk 01:16:42]} {[%emt 00:00:08]} dxe4 {[%clk
01:16:22]} {[%emt 00:00:22]} 4. Nxe4 {[%clk 01:17:02]} {[%emt 00:00:10]} Bf5
{[%clk 01:16:41]} {[%emt 00:00:12]} 5. Ng3 {[%clk 01:17:21]} {[%emt 00:00:10]}
Bg6 {[%clk 01:16:58]} {[%emt 00:00:13]} 6. Nh3 {[%clk 01:17:43]} {[%emt
00:00:08]} Nf6 {[%clk 01:17:00]} {[%emt 00:00:28]} 7. Nf4 {[%clk 01:17:53]}
{[%emt 00:00:20]} e6 {[%clk 01:16:54]} {[%emt 00:00:37]} 8. Bc4 {[%clk
01:18:10]} {[%emt 00:00:13]} c5 {[%clk 01:16:48]} {[%emt 00:00:35]} 9. h4
{[%clk 01:18:15]} {[%emt 00:00:23]} h5 {[%clk 01:16:36]} {[%emt 00:00:45]} 10.
Qf3 {[%clk 01:17:46]} {[%emt 00:00:58]} Nc6 {[%clk 01:16:46]} {[%emt 00:00:21]}
11. Bb5 {[%clk 01:18:00]} {[%emt 00:00:15]} Qa5+ {[%clk 01:16:38]} {[%emt
00:00:38]} 12. Bd2 {[%clk 01:17:17]} {[%emt 00:01:13]} Qxb5 {[%clk 01:17:01]}
{[%emt 00:00:07]} 13. O-O-O {[%clk 01:16:16]} {[%emt 00:01:30]} Nxd4 {[%clk
01:17:06]} {[%emt 00:00:27]} 14. Qd3 {[%clk 01:15:20]} {[%emt 00:01:26]} Bxd3
{[%clk 01:17:23]} {[%emt 00:00:13]} 15. Nxd3 {[%clk 01:15:28]} {[%emt
00:00:22]} c4 {[%clk 01:17:00]} {[%emt 00:00:53]} 16. Nf4 {[%clk 01:14:41]}
{[%emt 00:01:16]} Qa4 {[%clk 01:16:19]} {[%emt 00:01:08]} 17. Kb1 {[%clk
01:13:22]} {[%emt 00:01:51]} Rc8 {[%clk 01:15:56]} {[%emt 00:00:54]} 18. Bc3
{[%clk 01:09:50]} {[%emt 00:04:02]} Nb5 {[%clk 01:14:30]} {[%emt 00:01:57]} 19.
Nge2 {[%clk 01:09:18]} {[%emt 00:01:01]} Ne4 {[%clk 01:14:47]} {[%emt
00:00:13]} 20. Be5 {[%clk 01:06:55]} {[%emt 00:02:53]} Nxf2 {[%clk 01:14:07]}
{[%emt 00:01:10]} 21. b3 {[%clk 01:06:27]} {[%emt 00:00:59]} cxb3 {[%clk
01:14:11]} {[%emt 00:00:26]} 22. axb3 {[%clk 01:06:40]} {[%emt 00:00:17]} Qe4
{[%clk 01:14:17]} {[%emt 00:00:24]} 23. Rde1 {[%clk 01:05:35]} {[%emt
00:01:33]} Qxc2+ {[%clk 01:14:07]} {[%emt 00:00:42]} 24. Ka1 {[%emt 00:00:58]}
Nxh1 {[%clk 01:14:12]} {[%emt 00:00:02]} 25. Rxh1 {[%clk 01:05:14]} {[%emt
00:00:45]} Rc6 {[%clk 01:13:57]} {[%emt 00:00:45]} 26. Bc3 {[%clk 01:02:26]}
{[%emt 00:03:18]} Ra6+ {[%clk 01:14:15]} {[%emt 00:00:13]} 27. Ba5 {[%clk
01:02:35]} {[%emt 00:00:21]} Rxa5# {[%clk 01:14:04]} {[%emt 00:00:08]} 0-1

[Event "DEM U10 2024"]
[Site "Willingen GER"]
[Date "2024.05.20"]
[Round "4"]
[White "Gusev, Daniil"]
[Black "Aguike, Toshiya"]
[Result "1-0"]
[Termination "normal"]
[Board "1"]
[WhiteElo "1740"]
[BlackElo "1786"]
[WhiteClock "00:20:49"]
[BlackClock "00:33:32"]
[PlyCount "54"]
[WhiteFideId "55683886"]
[BlackFideId "34611347"]
[EventCountry "GER"]
[EventRounds "11"]
[EventType "swiss"]
[EventDate "2024.05.18"]

1. e4 {[%clk 01:15:58]} {[%emt 00:00:01]} e5 {[%clk 01:15:52]} {[%emt
00:00:07]} 2. Nf3 {[%clk 01:16:25]} {[%emt 00:00:04]} Nc6 {[%clk 01:16:13]}
{[%emt 00:00:09]} 3. d4 {[%clk 01:16:38]} {[%emt 00:00:18]} exd4 {[%clk
01:16:29]} {[%emt 00:00:14]} 4. Bc4 {[%clk 01:16:41]} {[%emt 00:00:27]} d6
{[%clk 01:15:42]} {[%emt 00:01:16]} 5. Nxd4 {[%clk 01:16:34]} {[%emt 00:00:37]}
Nf6 {[%clk 01:14:30]} {[%emt 00:01:42]} 6. Nc3 {[%clk 01:16:00]} {[%emt
00:01:05]} Be7 {[%clk 01:13:44]} {[%emt 00:01:15]} 7. O-O {[%clk 01:15:13]}
{[%emt 00:01:17]} O-O {[%clk 01:13:55]} {[%emt 00:00:18]} 8. Nxc6 {[%clk
01:14:11]} {[%emt 00:01:34]} bxc6 {[%clk 01:14:12]} {[%emt 00:00:11]} 9. Qe2
{[%clk 01:13:15]} {[%emt 00:01:27]} d5 {[%clk 01:12:36]} {[%emt 00:02:06]} 10.
Rd1 {[%clk 01:12:39]} {[%emt 00:01:07]} Be6 {[%clk 01:07:31]} {[%emt 00:05:34]}
11. Be3 {[%clk 01:01:39]} {[%emt 00:11:30]} Bb4 {[%clk 01:06:12]} {[%emt
00:01:50]} 12. exd5 {[%clk 00:58:44]} {[%emt 00:03:25]} cxd5 {[%clk 01:06:13]}
{[%emt 00:00:28]} 13. Nxd5 {[%clk 00:58:53]} {[%emt 00:00:21]} Nxd5 {[%clk
01:05:24]} {[%emt 00:01:20]} 14. Bxd5 {[%clk 00:59:18]} {[%emt 00:00:04]} Bxd5
{[%clk 01:05:39]} {[%emt 00:00:15]} 15. c4 {[%clk 00:59:45]} {[%emt 00:00:03]}
Bxc4 {[%clk 01:03:48]} {[%emt 00:02:21]} 16. Qxc4 {[%clk 01:00:02]} {[%emt
00:00:14]} Bd6 {[%clk 01:04:16]} {[%emt 00:00:02]} 17. Rac1 {[%clk 00:59:21]}
{[%emt 00:01:10]} Re8 {[%clk 00:59:36]} {[%emt 00:05:07]} 18. g3 {[%clk
00:56:39]} {[%emt 00:03:15]} h6 {[%clk 00:56:37]} {[%emt 00:03:29]} 19. b4
{[%clk 00:47:50]} {[%emt 00:09:19]} a5 {[%clk 00:51:59]} {[%emt 00:05:08]} 20.
b5 {[%clk 00:45:32]} {[%emt 00:02:48]} Re6 {[%clk 00:50:35]} {[%emt 00:01:54]}
21. a4 {[%clk 00:42:55]} {[%emt 00:03:07]} Qe7 {[%clk 00:50:29]} {[%emt
00:00:35]} 22. Qd5 {[%clk 00:37:08]} {[%emt 00:06:19]} Re8 {[%clk 00:50:26]}
{[%emt 00:00:28]} 23. Bd2 {[%clk 00:23:53]} {[%emt 00:13:49]} Bb4 {[%clk
00:48:43]} {[%emt 00:02:12]} 24. Bxb4 {[%clk 00:23:57]} {[%emt 00:00:27]} Qxb4
{[%clk 00:48:30]} {[%emt 00:00:43]} 25. Rxc7 {[%clk 00:21:59]} {[%emt
00:02:29]} Qxa4 {[%clk 00:48:28]} {[%emt 00:00:31]} 26. b6 {[%clk 00:21:00]}
{[%emt 00:01:29]} Qb4 {[%clk 00:47:55]} {[%emt 00:01:03]} 27. b7 {[%clk
00:20:49]} {[%emt 00:00:42]} R6e7 {[%clk 00:33:32]} {[%emt 00:14:52]} 1-0